Miasto do rzeki - klikanie - Statystyki

Ogólne statystyki
  • Ten quiz został rozwiązany 35 razy
  • Średni wynik to 20 z 24
Statystyki odpowiedzi
Hint Odpowiedź % Poprawnych
Budapeszt Dunaj
100%
Kijów Dniepr
96%
Buenos Aires La Plata
96%
Kair Nil
96%
Londyn Tamiza
96%
Warszawa Wisła
96%
Kinszasa Kongo
92%
Paryż Sekwana
92%
Rzym Tyber
92%
Nowy Orlean Mississippi
88%
Lizbona Tag
88%
Seul Han
83%
Düsseldorf Ren
83%
Bagdad Tygrys
83%
Nowy Jork Hudson
79%
Szanghaj Jangcy
79%
Phnom Penh Mekong
79%
Frankfurt Men
79%
Waranasi Ganges
75%
Montreal Świętego Wawrzyńca
75%
Hamburg Łaba
71%
Cambridge (Anglia) Cam
67%
Waszyngton Potomak
67%
Cincinnati Ohio
50%
Nie znaleziono quizów pasujących do podanych kryteriów
Rozkład punktacji
Procent ludzi z każdym wynikiem
Percentyl według liczby udzielonych odpowiedzi
Twoja historia wyników
Nie rozwiązałeś tego quizu